[Event "DVM U16 2016"]
[Site "Neumarkt in der Oberpfalz GER"]
[Date "2016.12.29"]
[Round "5"]
[White "Reindl, Knut"]
[Black "Walow, Xenia"]
[Result "0-1"]
[Termination "normal"]
[Board "8.3"]
[WhiteElo "1823"]
[BlackElo "1627"]
[WhiteTeam "SG Schwäbisch Gmünd"]
[BlackTeam "SK Blauer Springer Paderborn"]
[PlyCount "74"]
[WhiteFideId "12946753"]
[BlackFideId "12971839"]
[EventCountry "GER"]
[EventRounds "7"]
[EventType "team-swiss"]
[EventDate "2016.12.26"]

1. c4 e5 2. Nc3 d6 3. g3 f5 4. d3 Nf6 5. Bg2 Be7 6. e3 O-O 7. Nge2 c6 8. O-O
Qe8 9. f4 Na6 10. a3 Qg6 11. b4 Nc7 12. Rb1 e4 13. dxe4 fxe4 14. Qc2 d5 15.
cxd5 Ncxd5 16. Nxe4 Ng4 17. Qb3 Be6 18. Nd4 Rae8 19. h3 Nh6 20. Nxe6 Qxe6 21.
Nc3 Kh8 22. Nxd5 cxd5 23. Bxd5 Qxh3 24. e4 Qd7 25. Bb2 Bd8 26. Rbd1 Bb6+ 27.
Bd4 Qc7 28. Bxb6 Qxb6+ 29. Kg2 Ng4 30. Rf3 Re7 31. Rc3 h5 32. Rd2 Rd8 33. a4
Rxe4 34. Kh3 Rxb4 35. Qc2 Ne3 36. Be4 Nxc2 37. Bxc2 Rxd2  0-1

[Event "DVM U16 2016"]
[Site "Neumarkt in der Oberpfalz GER"]
[Date "2016.12.29"]
[Round "5"]
[White "Müller, Noah"]
[Black "Reindl, Jork"]
[Result "1/2-1/2"]
[Termination "normal"]
[Board "8.4"]
[WhiteElo "1583"]
[BlackElo "1472"]
[WhiteTeam "SK Blauer Springer Paderborn"]
[BlackTeam "SG Schwäbisch Gmünd"]
[PlyCount "179"]
[WhiteFideId "16217586"]
[BlackFideId "16200152"]
[EventCountry "GER"]
[EventRounds "7"]
[EventType "team-swiss"]
[EventDate "2016.12.26"]

1. c4 e5 2. g3 Nc6 3. Bg2 Nf6 4. Nc3 d6 5. e3 Be7 6. Nge2 O-O 7. O-O Re8 8. d3
Bd7 9. e4 Qc8 10. Nd5 Nxd5 11. cxd5 Nd8 12. Be3 c5 13. Rc1 b6 14. Qd2 Qa6 15.
b3 Qb7 16. h3 b5 17. f4 f6 18. Rc2 b4 19. g4 Qc8 20. Kh2 Rf8 21. Ng3 Nf7 22.
Nf5 Bxf5 23. gxf5 Qd8 24. Bf3 a5 25. Rg1 exf4 26. Bxf4 Ne5 27. Bh5 Kh8 28. Qg2
Rg8 29. Qg3 g5 30. fxg6 Nxg6 31. Bh6 Bf8 32. Bxf8 Qxf8 33. Bxg6 Rxg6 34. Qf4
Rxg1 35. Kxg1 Qe7 36. Rf2 Rg8+ 37. Kh1 Rg6 38. Qf5 Qe5 39. Qxe5 fxe5 40. Rf8+
Rg8 41. Rf6 Rd8 42. Rf7 Ra8 43. Rd7 Ra6 44. Kg2 a4 45. Kf2 axb3 46. axb3 Kg8
47. Ke2 Ra2+ 48. Ke3 Ra6 49. Kd2 Ra2+ 50. Kc1 Ra1+ 51. Kb2 Ra6 52. Rc7 h5 53.
Rc6 Ra7 54. Rxd6 Rg7 55. Rh6 Rg2+ 56. Kc1 Rg3 57. Rxh5 Rxd3 58. Kc2 Rc3+ 59.
Kb2 Kf7 60. h4 Rh3 61. Kc2 Rc3+ 62. Kb2 Rh3 63. Rxe5 Rxh4 64. Re6 Rh2+ 65. Kc1
Rh1+ 66. Kc2 Rh2+ 67. Kd3 Rh3+ 68. Kc4 Rc3+ 69. Kb5 c4 70. Kxb4 Rxb3+ 71. Kxc4
Rb7 72. Kd4 Rb4+ 73. Ke5 Rb5 74. Rc6 Rb4 75. d6 Rb5+ 76. Kd4 Ke6 77. Rc5 Rb4+
78. Rc4 Rxc4+ 79. Kxc4 Kxd6 80. Kd4 Ke6 81. e5 Ke7 82. Kd5 Kd7 83. e6+ Ke7 84.
Ke5 Ke8 85. Kd6 Kd8 86. Kc6 Ke7 87. Kd5 Ke8 88. Kd6 Kd8 89. e7+ Ke8 90. Ke6
1/2-1/2

[Event "DVM U16 2016"]
[Site "Neumarkt in der Oberpfalz GER"]
[Date "2016.12.29"]
[Round "5"]
[White "Kandler, Philipp"]
[Black "Ortmeier, Leonhard"]
[Result "1/2-1/2"]
[Termination "normal"]
[Board "9.1"]
[WhiteElo "1594"]
[BlackElo "1978"]
[WhiteTeam "Gütersloher SV"]
[BlackTeam "SC Rochade Emsdetten"]
[PlyCount "83"]
[WhiteFideId "16200772"]
[BlackFideId "12993662"]
[EventCountry "GER"]
[EventRounds "7"]
[EventType "team-swiss"]
[EventDate "2016.12.26"]

1. d4 Nf6 2. c4 g6 3. Nc3 c5 4. d5 d6 5. e4 Bg7 6. Nf3 O-O 7. Be2 a6 8. O-O e6
9. Bf4 e5 10. Be3 Ne8 11. Qd2 f5 12. Bh6 f4 13. Bxg7 Kxg7 14. h3 g5 15. Nh2 Qf6
16. Ng4 Qg6 17. Qd1 Rh8 18. Re1 h5 19. Nh2 Nf6 20. Bf1 g4 21. h4 Rf8 22. g3 Ng8
23. Bd3 Qf6 24. Rf1 Bd7 25. Qb3 Bc8 26. Na4 Nd7 27. Nb6 Nxb6 28. Qxb6 Qe7 29.
Rac1 Nf6 30. Bc2 a5 31. a4 Bd7 32. Qb3 Nh7 33. Qc3 Rf6 34. b3 Nf8 35. Qd2 Ng6
36. Kg2 b6 37. Rce1 Raf8 38. Kg1 R6f7 39. Rd1 Kh7 40. Qe2 Rg7 41. Qd2 Rfg8 42.
Rfe1  1/2-1/2

[Event "DVM U16 2016"]
[Site "Neumarkt in der Oberpfalz GER"]
[Date "2016.12.29"]
[Round "5"]
[White "Fortenbacher, Dominic"]
[Black "Teschler, Ansgar"]
[Result "0-1"]
[Termination "normal"]
[Board "9.3"]
[WhiteElo "1579"]
[BlackElo "2037"]
[WhiteTeam "Gütersloher SV"]
[BlackTeam "SC Rochade Emsdetten"]
[PlyCount "48"]
[WhiteFideId "16200780"]
[BlackFideId "16231139"]
[EventCountry "GER"]
[EventRounds "7"]
[EventType "team-swiss"]
[EventDate "2016.12.26"]

1. e4 c5 2. Nc3 Nc6 3. f4 g6 4. Nf3 Bg7 5. Bb5 Nd4 6. O-O a6 7. Be2 e6 8. d3
Ne7 9. Nxd4 cxd4 10. Nb1 b5 11. Qe1 Bb7 12. Nd2 Rc8 13. Bd1 O-O 14. Nf3 f5 15.
e5 d6 16. exd6 Qxd6 17. Rf2 Nc6 18. a3 e5 19. g3 Rfe8 20. fxe5 Nxe5 21. Nxe5
Bxe5 22. Qf1 Bxg3 23. Bf4 Qd5 24. Rf3 Bxf4  0-1

[Event "DVM U16 2016"]
[Site "Neumarkt in der Oberpfalz GER"]
[Date "2016.12.29"]
[Round "5"]
[White "Hoppe, Nico"]
[Black "Qiu, Oliver"]
[Result "0-1"]
[Termination "normal"]
[Board "9.4"]
[WhiteElo "1564"]
[BlackElo "1661"]
[WhiteTeam "SC Rochade Emsdetten"]
[BlackTeam "Gütersloher SV"]
[PlyCount "36"]
[WhiteFideId "16225520"]
[BlackFideId "16200713"]
[EventCountry "GER"]
[EventRounds "7"]
[EventType "team-swiss"]
[EventDate "2016.12.26"]

1. e4 e5 2. Nf3 Nc6 3. Bc4 Bc5 4. O-O Nf6 5. d4 Bxd4 6. Nxd4 Nxd4 7. Bg5 h6 8.
Bh4 g5 9. Bg3 d6 10. f4 Bg4 11. Qd2 Nxe4 12. Bxf7+ Kf8 13. Qe3 Ne2+ 14. Kh1
N4xg3+ 15. hxg3 gxf4 16. Bc4 Kg7 17. Qd3 Qg5 18. Qd5 Qh5#  0-1

[Event "DVM U16 2016"]
[Site "Neumarkt in der Oberpfalz GER"]
[Date "2016.12.29"]
[Round "5"]
[White "Wacker, Andreas"]
[Black "Vo, Minh"]
[Result "1/2-1/2"]
[Termination "normal"]
[Board "10.2"]
[WhiteElo "1646"]
[BlackElo "1656"]
[WhiteTeam "SC 1997 Lambsheim"]
[BlackTeam "SV Empor Erfurt"]
[PlyCount "55"]
[WhiteFideId "12953083"]
[BlackFideId "12976512"]
[EventCountry "GER"]
[EventRounds "7"]
[EventType "team-swiss"]
[EventDate "2016.12.26"]

1. e4 c5 2. Nc3 Nc6 3. g3 e6 4. Bg2 Nf6 5. f4 d6 6. Nf3 Be7 7. d3 O-O 8. O-O a6
9. a4 Rb8 10. Be3 b5 11. axb5 axb5 12. h3 b4 13. Ne2 Bb7 14. g4 Nd7 15. Ng3 Nb6
16. g5 d5 17. f5 dxe4 18. dxe4 Nc4 19. Qc1 Nxe3 20. Qxe3 Qc7 21. Nh1 exf5 22.
exf5 Rfe8 23. Nf2 Bf8 24. Qb3 Ne5 25. Nxe5 Rxe5 26. Ng4 Re2 27. Bxb7 Rxb7 28.
Qd3  1/2-1/2

[Event "DVM U16 2016"]
[Site "Neumarkt in der Oberpfalz GER"]
[Date "2016.12.29"]
[Round "5"]
[White "Schulz, Theresa Charlotte"]
[Black "Dalchow, Jonas"]
[Result "1-0"]
[Termination "normal"]
[Board "10.3"]
[WhiteElo "1595"]
[BlackElo "1785"]
[WhiteTeam "SV Empor Erfurt"]
[BlackTeam "SC 1997 Lambsheim"]
[PlyCount "79"]
[WhiteFideId "12952206"]
[BlackFideId "12971251"]
[EventCountry "GER"]
[EventRounds "7"]
[EventType "team-swiss"]
[EventDate "2016.12.26"]

1. e4 c6 2. Nc3 d5 3. d3 e5 4. Nf3 Bg4 5. Be2 Bxf3 6. Bxf3 d4 7. Ne2 Nf6 8. O-O
Be7 9. Ng3 g6 10. Be2 Nfd7 11. f4 f6 12. f5 Na6 13. Nh5 Rg8 14. Bh6 Bf8 15.
Bxf8 Nxf8 16. fxg6 Rxg6 17. Ng3 Ke7 18. Bh5 Rg8 19. Qf3 Ke6 20. Qf5+ Kd6 21.
Qxf6+ Qxf6 22. Rxf6+ Ne6 23. Bf7 Ke7 24. Raf1 Nf4 25. Rf5 Rg4 26. Rxe5+ Kxf7
27. Rf5+ Ke6 28. R1xf4 Rxf4 29. Rxf4 Nb4 30. Rg4 Nxc2 31. Rg7 Rb8 32. Rxh7 Nb4
33. Ne2 Nxd3 34. Nxd4+ Ke5 35. Nf5 Nxb2 36. h4 Nc4 37. Re7+ Kf6 38. g4 Nd2 39.
e5+ Kg6 40. Rg7#  1-0

[Event "DVM U16 2016"]
[Site "Neumarkt in der Oberpfalz GER"]
[Date "2016.12.29"]
[Round "5"]
[White "Dalchow, Mario"]
[Black "Finke, Daniel"]
[Result "0-1"]
[Termination "normal"]
[Board "10.4"]
[WhiteElo "1471"]
[BlackElo "1560"]
[WhiteTeam "SC 1997 Lambsheim"]
[BlackTeam "SV Empor Erfurt"]
[PlyCount "36"]
[WhiteFideId "12971421"]
[BlackFideId "16217675"]
[EventCountry "GER"]
[EventRounds "7"]
[EventType "team-swiss"]
[EventDate "2016.12.26"]

1. e4 e5 2. Nf3 Nc6 3. Bc4 Bc5 4. c3 Nf6 5. d4 exd4 6. cxd4 Bb4+ 7. Bd2 Bxd2+
8. Nbxd2 d5 9. exd5 Nxd5 10. Nb3 O-O 11. O-O Bg4 12. h3 Bh5 13. Be2 Re8 14. Re1
Qf6 15. Qd2 Nf4 16. Kf1 Nxh3 17. d5 Ne5 18. Nxe5 Qxf2#  0-1